Catálogo de investigaciones educativas: 1991-1992
Guardat en:
| Autor corporatiu: | , |
|---|---|
| Format: | Llibre |
| Idioma: | espanyol |
| Publicat: |
Madrid
Ministerio de Educación y Ciencia
1993
|
| Col·lecció: | Catálogo, 83
|
| Matèries: | |
| Etiquetes: |
Afegir etiqueta
Sense etiquetes, Sigues el primer a etiquetar aquest registre!
|
MARC
| LEADER | 00000nam a2200000 a 4500 | ||
|---|---|---|---|
| 001 | UCM9686 | ||
| 003 | CL-VaPUC | ||
| 008 | 030509e19930000SP |||||||||||||||||spa|d | ||
| 082 | 0 | 4 | |a 370.7 |b CEN |2 21 |
| 110 | 2 | |a Centro de Investigación, Documentación y Evaluación |e author |9 476222 | |
| 710 | 2 | |a C.I.D.E |e author |9 476223 | |
| 245 | 1 | 0 | |a Catálogo de investigaciones educativas: 1991-1992 |
| 300 | |a 369 p | ||
| 942 | |c BK | ||
| 945 | |d 20030509 00:00:00 |a cmena | ||
| 260 | |a Madrid |b Ministerio de Educación y Ciencia |c 1993 | ||
| 650 | 0 | |a Investigación educacional |9 261192 | |
| 650 | 0 | |a Sistemas educacionales |9 324695 | |
| 651 | 0 | |a España |9 254926 | |
| 583 | |a last modification |c 20030509 00:00:00 |k Rodrigo Vera | ||
| 490 | 0 | |a Catálogo, 83 | |
| 999 | |c 303829 |d 303827 | ||
| 952 | |0 0 |1 0 |4 0 |6 370_700000000000000_CEN_1993 |7 0 |8 A |9 365398 |a BIBEDU |b BIBEDU |c ES_NOD |d 2019-11-21 |i 3902420 |o 370.7 CEN 1993 |p 3902420 |r 2023-08-09 |w 2019-11-21 |y BK |k BME | ||